Theory of Hp spaces

Saved in:
Bibliographic Details
Main Author: Duren, Peter L. 1935-
Format: Book
Language:English
Published: Boston : Academic press, c1970
Series:Monographs and textbooks in pure and applied mathematics ; ; 38
Subjects:
Tags: Add Tag
No Tags, Be the first to tag this record!

MARC

LEADER 00000nam a2200000 i 4500
001 1/60400
008 941103s1970 eng d
020 |a 0-12-225150-4 
035 |a 1993  |l 10046250 
040 |a GR-MY-UA  |b gre  |e aacr 
041 0 |a eng 
082 0 |a 515.7 
100 1 |a Duren, Peter L.  |d 1935-. 
245 1 0 |a Theory of Hp spaces /  |c Peter L. Duren 
260 |a Boston :   |b Academic press,   |c c1970 
300 |a xii, 258 p.;  |c 24 cm. 
490 1 |a Pure and Applied Mathematics  |v ; 38 
500 |a Includes bibliography 
650 0 0 |a Analytic functions. 
650 0 0 |a Hardy spaces. 
830 0 |a Monographs and textbooks in pure and applied mathematics ;  |v ; 38 
852 |a INST  |b SAMOS  |e 19941103  |h 515.7 DUR  |p 005300007137  |q 005300007137  |t BK  |y 0 
909 |a Σ  |b 030686